Základy inžinierstva návody na cvičenia

Bibliographic Details
Main Authors: Lahučký, Dušan, 1947- (Author), Kacko, Peter (Author)
Format: Book
Language:Slovak
PhysicalDescription:134 s. sch., tab. 29 cm
Published: Trenčín Trenčianska univerzita Alexandra Dubčeka 2006
ISBN:808075148X
Edition:1. vyd.
Subjects:

MARC

LEADER 00000nam a2200000 a 4500
001 vtls008962956
003 SK-MaSNL
005 20260430143345.0
008 240314s2006 xo l d p 000 0 slo
015 |a SNBA2007/08-03796 
020 |a 808075148X  |q (brož.) 
040 |a SNK  |b slo  |c SNK  |e AACR2 
041 0 |a slo 
044 |a xo  |c SK 
072 7 |a 621  |x Strojárstvo  |2 konspekt 
080 |a 621  |2 2001 
080 |a 744.4  |2 2001 
080 |a (075.8)  |2 2001 
080 |a (076.5)  |2 2001 
100 1 |a Lahučký, Dušan,  |d 1947-  |4 aut  |9 1638045 
245 1 0 |a Základy inžinierstva  |b návody na cvičenia  |c Dušan Lahučký, Peter Kacko 
250 |a 1. vyd. 
260 |a Trenčín  |b Trenčianska univerzita Alexandra Dubčeka  |c 2006 
300 |a 134 s.  |b sch., tab.  |c 29 cm 
366 |e 300 výtl. 
504 |a Bibliogr. s. 102 
650 0 7 |a strojné inžinierstvo  |2 SNKPH  |9 1039 
650 0 7 |a technické kreslenie  |2 SNKPH  |9 3080 
655 7 |a učebnice vysokých škôl  |2 SNKPH  |9 70191 
655 7 |a praktické cvičenia  |2 SNKPH  |9 70517 
700 1 |a Kacko, Peter  |4 aut  |9 543761 
919 |a 80-8075-148-X 
958 |a NB 
968 |d 73/77 
999 |c 1021522  |d 1023452 
952 |a SNK  |b SNK  |y PREZ  |7 0  |p 17A0547626  |o snkSB 74200  |i snk2007/9853  |8 0  |0 0  |1 0  |4 0  |d 2007-04-11  |l 0  |r 2026-02-24 13:26:13  |w 2026-02-24 
952 |a SNK  |b SNK  |y VYP  |7 0  |p 17A0547625  |o snkSB 74200 D1  |i snk2007/9854  |8 0  |0 0  |1 0  |4 0  |d 2007-04-11  |l 0  |r 2016-06-30 00:00:00  |w 2026-02-24